Seleccion Argentina de Futbol - Estadísticas

Estadísticas generales
  • Esta prueba ha sido intentada 783 veces
    782 desde el último reinicio
  • La puntuación promedio es 80 de 192
Estadísticas de respuestas
Jugador % Correcto
Messi
98%
Martinez
94%
Martinez
94%
Di Maria
93%
Alvarez
89%
Romero
89%
Scaloni
89%
De Paul
88%
Maradona
86%
Otamendi
86%
Fernandez
85%
Mac Allister
84%
Tagliafico
84%
Armani
82%
Higuain
81%
Aguero
80%
Molina
80%
Acuña
78%
Mascherano
75%
Montiel
75%
Paredes
74%
Dybala
72%
Riquelme
72%
Rulli
71%
Batistuta
70%
Kempes
69%
Rodriguez
68%
Rojo
67%
Palacio
66%
Gomez
65%
Pezzella
65%
Caballero
64%
Perez
64%
Passarella
63%
Tevez
62%
Crespo
59%
Biglia
58%
Correa
58%
Foyth
58%
Sabella
58%
Zanetti
58%
Almada
57%
Veron
57%
Abbondanzieri
56%
Bilardo
56%
Palacios
56%
Palermo
56%
Caniggia
55%
Lavezzi
55%
Demichelis
54%
Mercado
54%
Ortega
54%
Gonzalez
53%
Pavon
53%
Ruggeri
53%
Ayala
52%
Cambiasso
52%
Goycochea
52%
Zabaleta
52%
Aimar
51%
Garay
51%
Lo Celso
51%
Saviola
51%
Banega
50%
Menotti
49%
Fillol
48%
Sorin
48%
Bielsa
47%
Burruchaga
47%
Heinze
46%
Milito
46%
Meza
45%
Pekerman
45%
Brown
44%
Gago
44%
Pumpido
44%
Redondo
44%
Samuel
44%
Lopez
43%
Valdano
42%
Gallardo
40%
Basile
39%
Simeone
39%
Andujar
38%
Orion
38%
Bochini
36%
Roa
36%
Fazio
35%
Batista
34%
Burgos
34%
Garce
34%
Guzman
34%
Salvio
34%
Sampaoli
34%
Burdisso
33%
Enrique
31%
Diaz
30%
Ansaldi
30%
Franco
30%
Olarticoechea
30%
Pastore
30%
Cruz
29%
Gutierrez
29%
Basanta
28%
Campagnaro
28%
Islas
28%
Tarantini
28%
Coloccini
26%
Sensini
26%
Troglio
26%
Almeyda
25%
Alonso
25%
Ardiles
25%
Balbo
25%
Bertoni
25%
Bonano
25%
Luque
25%
Gallego
24%
Astrada
23%
Chamot
23%
Placente
23%
Cavallero
22%
Cuciuffo
22%
Hernandez
22%
Houseman
22%
Bauza
21%
Borghi
21%
Giusti
20%
Pochetino
20%
Pozo
20%
Ustari
20%
Bolatti
19%
Delgado
19%
Garre
19%
Basualdo
18%
Caceres
18%
Berti
17%
Cufre
17%
La Volpe
17%
Olguin
17%
Ortiz
17%
Baley
16%
Medina Bello
16%
Pasculli
16%
Paz
16%
Simon
16%
Tapia
16%
Villa
16%
Vivas
16%
Galvan
15%
Comizzo
14%
Husain
14%
Monzon
14%
Vazquez
14%
Almiron
13%
Calderon
13%
Fabbri
13%
Killer
13%
Pineda
13%
Serrizuela
13%
Lorenzo
12%
Mancuso
12%
Trobbiani
12%
Valencia
12%
Cancelarich
11%
Clausen
11%
Dezotti
11%
Larrosa
11%
Trossero
11%
Zelada
11%
Scoponi
10%
Borelli
9%
Oviedo
9%
Pagnanini
9%
Barbas
8%
Van Tuyne
8%
Santamarina
4%
No se encontraron pruebas coincidentes
Distribución de puntuación
Porcentaje de gente con cada puntuación
Porcentaje por número respondido
Historial de tus puntuaciones
No has intentado esta prueba desde el último reinicio